[Event "Mittelfranken-chTB2a 1920"]
[Site "Mittelfranken"]
[Date "2020.02.02"]
[Round "5.3"]
[White "Kittler, Alexander"]
[Black "Fischer, Gerd1111"]
[Result "1/2-1/2"]
[WhiteElo "2029"]
[BlackElo "1921"]
[PlyCount "84"]
[EventDate "2019.10.13"]
[EventType "team-tourn"]
[EventRounds "9"]
[EventCountry "GER"]
[SourceTitle "EXT 2023"]
[Source "ChessBase"]
[SourceDate "2022.10.05"]
[SourceVersion "1"]
[SourceVersionDate "2022.10.05"]
[SourceQuality "1"]
[WhiteTeam "Nuernberg Jaeklechemie"]
[BlackTeam "Ansbach/Bad Windsheim"]
[WhiteTeamCountry "GER"]
[BlackTeamCountry "GER"]

1. e4 c5 2. Nf3 d6 3. d4 cxd4 4. Nxd4 Nf6 5. Nc3 a6 6. Be3 e5 7. Nb3 Be6 8. Qd2 Be7 9. 0-0-0 Nbd7 10. f3 Rc8 11. g4 Nb6 12. g5 Nfd7 13. h4 Nc4 14. Bxc4 Bxc4 15. h5 Qc7 16. Kb1 b5 17. g6 h6 18. f4 f6 19. Rh2 b4 20. Nd5 Bxd5 21. Qxd5 Qc4 22. Na5 Qxd5 23. exd5 Bd8 24. Nc6 a5 25. Rd3 0-0 26. c4 exf4 27. Bxf4 Ne5 28. Bxe5 fxe5 29. Rdd2 Kh8 30. Nxd8 Rfxd8 31. Rc2 Rf8 32. Rhf2 Kg8 33. b3 Rxf2 34. Rxf2 Rf8 35. Rxf8+ Kxf8 36. Kc2 Ke7 37. Kd3 Kd7 38. Ke4 Kc7 39. Kf5 Kb6 40. Ke4 Kc5 41. Ke3 a4 42. Ke4 a3 1/2-1/2

[Event "Mittelfranken-chTB2a 1920"]
[Site "Mittelfranken"]
[Date "2020.01.12"]
[Round "4.3"]
[White "Truempelmann, Jochen"]
[Black "Kittler, Alexander"]
[Result "0-1"]
[WhiteElo "1886"]
[BlackElo "2029"]
[PlyCount "258"]
[EventDate "2019.10.13"]
[EventType "team-tourn"]
[EventRounds "9"]
[EventCountry "GER"]
[SourceTitle "EXT 2023"]
[Source "ChessBase"]
[SourceDate "2022.10.05"]
[SourceVersion "1"]
[SourceVersionDate "2022.10.05"]
[SourceQuality "1"]
[WhiteTeam "Cadolzburg"]
[BlackTeam "Nuernberg Jaeklechemie"]
[WhiteTeamCountry "GER"]
[BlackTeamCountry "GER"]

1. e4 c6 2. d4 d5 3. exd5 cxd5 4. Bd3 Nf6 5. Ne2 Nc6 6. c3 g6 7. 0-0 Bg7 8. h3 0-0 9. f4 Bf5 10. Ng3 Bxd3 11. Qxd3 Qb6 12. Kh1 e6 13. Nd2 Ne7 14. Nf3 Nf5 15. Ne5 Nxg3+ 16. Qxg3 Ne4 17. Qd3 Rfc8 18. Kh2 Rc7 19. Rb1 Rac8 20. Bd2 Bf8 21. Ng4 Bd6 22. Nf2 f5 23. Nxe4 fxe4 24. Qe2 Rf7 25. g3 Bb8 26. Be3 Qa5 27. a3 b5 28. Rf2 Qb6 29. Rbf1 a5 30. Kg2 b4 31. axb4 axb4 32. cxb4 Rc4 33. Qg4 Rxb4 34. h4 Rf5 35. Qe2 h5 36. Rc1 Rf7 37. Kh3 Rc7 38. Rxc7 Qxc7 39. g4 Qf7 40. gxh5 Qf5+ 41. Kh2 Qxh5 42. Qd2 Qxh4+ 43. Kg1 Ra4 44. Qc1 Rc4 45. Qd2 Ra4 46. Qc1 Rc4 47. Qd2 Bd6 48. Rg2 Kf7 49. Bf2 Qf6 50. Be3 Bf8 51. Qa5 Qe7 52. Qd2 Bg7 53. Qf2 Ra4 54. Qg3 Qf6 55. Qf2 Ra1+ 56. Kh2 Ra8 57. Kg1 Rh8 58. Qg3 Qf5 59. Qg5 Qxg5 60. Rxg5 Rh3 61. Kf2 Bf6 62. Rg2 Rh1 63. Rg1 Rh2+ 64. Rg2 Rh1 65. Rg1 Bh4+ 66. Kg2 Rxg1+ 67. Kxg1 Be1 68. Kf1 Ba5 69. Ke2 Kf6 70. Kf2 Kf5 71. Bc1 Kg4 72. Be3 Bb4 73. Ke2 Kf5 74. Bc1 Kf6 75. Kd1 Ke7 76. Kc2 Kd7 77. Kb3 Be1 78. Be3 Kc6 79. Kc2 Kb5 80. Kd1 Ba5 81. Kc2 Ka4 82. Bf2 Bb4 83. Be3 Be1 84. Kd1 Bg3 85. Kc2 Bh2 86. Kc3 Bg3 87. Kc2 Bh4 88. Kc3 Be1+ 89. Kc2 Kb4 90. Kd1 Bh4 91. Kc2 Bg3 92. b3 Be1 93. Kd1 Bh4 94. Kc2 Bd8 95. Bd2+ Kb5 96. Be3 Bb6 97. Kc3 Bc7 98. Kc2 Ba5 99. Bf2 Kc6 100. Kd1 Kd7 101. Ke2 Ke7 102. Be3 Kf6 103. Kf2 Kf5 104. Kf1 Bc3 105. Kf2 g5 106. fxg5 e5 107. dxe5 Bxe5 108. Bb6 Kxg5 109. Ke3 Kf5 110. b4 Ke6 111. b5 Kd6 112. Ba7 Bc3 113. Kf4 Bd2+ 114. Kg3 Ba5 115. Bd4 Ke6 116. Kf2 Kd6 117. Ke2 Kc7 118. Kd1 Bb6 119. Be5+ Kb7 120. Bf6 Bc5 121. Bd8 Bd6 122. Ba5 Bc7 123. Bc3 Kb6 124. Kd2 Kxb5 125. Ke3 Bb6+ 126. Ke2 Kc4 127. Bf6 d4 128. Bg5 e3 129. Bxe3 dxe3 0-1

[Event "Oberliga Bayern 1314"]
[Site "Bayern"]
[Date "2014.04.06"]
[Round "9.7"]
[White "Kittler, Alexander"]
[Black "Linhart, Wolfgang"]
[Result "1/2-1/2"]
[WhiteElo "1871"]
[BlackElo "2141"]
[PlyCount "62"]
[EventDate "2013.10.13"]
[EventType "team-tourn"]
[EventRounds "9"]
[EventCountry "GER"]
[SourceTitle "EXT 2015"]
[Source "ChessBase"]
[SourceDate "2014.11.20"]
[SourceVersion "1"]
[SourceVersionDate "2014.11.20"]
[SourceQuality "1"]
[WhiteTeam "Puschendorf"]
[BlackTeam "Passau"]
[WhiteTeamCountry "GER"]
[BlackTeamCountry "GER"]

1. e4 c5 2. Nc3 e6 3. f4 Nc6 4. Nf3 d5 5. Bb5 Nf6 6. Bxc6+ bxc6 7. d3 Be7 8. 0-0 Ba6 9. e5 Nd7 10. b3 0-0 11. Qe1 Kh8 12. Qg3 Qc7 13. Qh3 f5 14. exf6 Bxf6 15. Bd2 e5 16. fxe5 Nxe5 17. Ng5 Bxg5 18. Bxg5 Ng6 19. Na4 c4 20. dxc4 Rae8 21. Qc3 dxc4 22. b4 Nf4 23. Bxf4 Rxf4 24. Nc5 Bc8 25. Rxf4 Qxf4 26. Rf1 Qg4 27. h3 Qg6 28. Rf3 Bf5 29. Rg3 Qf7 30. Rf3 Qg6 31. Rg3 Qf7 1/2-1/2

[Event "Nuremberg LGA Cup 6th"]
[Site "Nuremberg"]
[Date "2009.09.06"]
[Round "6"]
[White "Renner, Gabriele"]
[Black "Kittler, Alexander"]
[Result "0-1"]
[WhiteElo "2023"]
[BlackElo "1842"]
[PlyCount "66"]
[EventDate "2009.09.03"]
[EventType "swiss"]
[EventRounds "7"]
[EventCountry "GER"]
[SourceTitle "CBM 132 Extra"]
[Source "ChessBase"]
[SourceDate "2009.11.03"]
[SourceVersion "1"]
[SourceVersionDate "2009.11.03"]
[SourceQuality "1"]

1. e4 c5 2. Nc3 Nc6 3. g3 g6 4. Bg2 Bg7 5. d3 d6 6. h3 e6 7. Be3 Nge7 8. Qd2 Nd4 9. Nf3 0-0 10. 0-0-0 Qa5 11. Bh6 b5 12. Bxg7 Kxg7 13. Kb1 b4 14. Ne2 Nb5 15. Ka1 e5 16. Nc1 Rb8 17. h4 h5 18. Bh3 Rb6 19. Bxc8 Rxc8 20. g4 Ra6 21. c3 bxc3 22. bxc3 Nxc3 23. gxh5 Rb8 24. h6+ Kh8 25. Qc2 Rb1+ 26. Qxb1 Nxb1 27. Kxb1 Qc3 28. Ng5 Rb6+ 29. Nb3 f6 30. Nf7+ Kg8 31. h7+ Kxh7 32. h5 g5 33. Nd8 a5 0-1

[Event "Nuremberg LGA Cup 6th"]
[Site "Nuremberg"]
[Date "2009.09.03"]
[Round "1"]
[White "Kittler, Alexander"]
[Black "Schoeneberg, Manfred"]
[Result "0-1"]
[WhiteElo "1842"]
[BlackElo "2305"]
[PlyCount "46"]
[EventDate "2009.09.03"]
[EventType "swiss"]
[EventRounds "7"]
[EventCountry "GER"]
[SourceTitle "CBM 132 Extra"]
[Source "ChessBase"]
[SourceDate "2009.11.03"]
[SourceVersion "1"]
[SourceVersionDate "2009.11.03"]
[SourceQuality "1"]

1. e4 c5 2. Nc3 g6 3. f4 Bg7 4. Nf3 Nc6 5. Bb5 Nd4 6. Bc4 e6 7. 0-0 Ne7 8. e5 0-0 9. Nxd4 cxd4 10. Nb5 d5 11. Bb3 d3 12. c4 Bd7 13. Nd6 Bc6 14. Qe1 dxc4 15. Bxc4 Nc8 16. Nxc8 Rxc8 17. Bb3 Qd4+ 18. Qe3 Rfd8 19. Re1 Bf8 20. Kf1 Qb4 21. Qf2 Bc5 22. Qh4 Rd4 23. g3 Re4 0-1

[Event "Landesliga Nord 0809"]
[Site "Bayern"]
[Date "2008.10.05"]
[Round "1.8"]
[White "Kittler, Alexander"]
[Black "Gerl, Hans Peter"]
[Result "0-1"]
[WhiteElo "1805"]
[BlackElo "1915"]
[PlyCount "86"]
[EventDate "2008.10.05"]
[EventType "team-tourn"]
[EventRounds "9"]
[EventCountry "GER"]
[SourceTitle "EXT 2020"]
[Source "ChessBase"]
[SourceDate "2019.10.17"]
[SourceVersion "1"]
[SourceVersionDate "2019.10.17"]
[SourceQuality "1"]
[WhiteTeam "Puschendorf"]
[BlackTeam "Zirndorf"]
[WhiteTeamCountry "GER"]
[BlackTeamCountry "GER"]

1. e4 c5 2. Nc3 e6 3. g3 d6 4. Bg2 Nf6 5. d3 Be7 6. f4 Nc6 7. Nh3 Qc7 8. 0-0 0-0 9. g4 h6 10. g5 hxg5 11. Nxg5 a6 12. Rf3 g6 13. Rh3 Kg7 14. f5 Bd7 15. Nxe6+ fxe6 16. Bh6+ Kf7 17. fxg6+ Ke8 18. Bxf8 Bxf8 19. Rh8 Bc8 20. Rh3 Ne5 21. Rg3 Bg7 22. h4 b5 23. h5 Bb7 24. Bf3 Ke7 25. Ne2 Rf8 26. Nf4 Bh6 27. Nh3 d5 28. g7 Rg8 29. exd5 Nxf3+ 30. Qxf3 Bxd5 31. Qf2 Nxh5 32. Rg6 Bxg7 33. Qh4+ Bf6 34. Qxh5 Bd4+ 35. Kf1 Rf8+ 36. Ke1 Qh2 37. Qh4+ Kd7 38. Qh7+ Kd6 39. Qa7 Qh1+ 40. Ng1 Qh4+ 41. Kd1 Rf1+ 42. Kd2 Qf2+ 43. Ne2 Be3+ 0-1

[Event "Nuremberg Zabo op 10th"]
[Site "Nuremberg"]
[Date "2008.09.20"]
[Round "2"]
[White "Walter, Thomas"]
[Black "Kittler, Alexander"]
[Result "1-0"]
[WhiteElo "2063"]
[BlackElo "1772"]
[PlyCount "55"]
[EventDate "2008.09.19"]
[EventType "swiss"]
[EventRounds "5"]
[EventCountry "GER"]
[SourceTitle "EXT 2012"]
[Source "ChessBase"]
[SourceDate "2011.11.24"]
[SourceVersion "1"]
[SourceVersionDate "2011.11.24"]
[SourceQuality "1"]

1. e4 c5 2. Nf3 e6 3. d4 cxd4 4. Bg5 Be7 5. Bxe7 Qxe7 6. Qxd4 Nf6 7. e5 Nd5 8. c3 Nc6 9. Qg4 g6 10. Nbd2 d6 11. Bb5 Bd7 12. exd6 Qxd6 13. 0-0 0-0-0 14. Ne4 Qe7 15. Qg3 Be8 16. c4 Nc7 17. Rfd1 Bd7 18. Qd6 Rhe8 19. Nfg5 f6 20. Qxe7 Rxe7 21. Nxf6 h6 22. Nge4 Nxb5 23. cxb5 Ne5 24. Rac1+ Kb8 25. Nc5 g5 26. Rd6 Rc8 27. Rxd7 Rxc5 28. Rd8+ 1-0

[Event "Nuremberg LGA Cup 5th"]
[Site "Nuremberg"]
[Date "2008.09.07"]
[Round "7.75"]
[White "Kittler, Alexander"]
[Black "Thoma, Dirk"]
[Result "1-0"]
[WhiteElo "1817"]
[BlackElo "1622"]
[PlyCount "65"]
[EventDate "2008.09.04"]
[EventType "swiss"]
[EventRounds "7"]
[EventCountry "GER"]
[SourceTitle "EXT 2022"]
[Source "ChessBase"]
[SourceDate "2021.10.06"]
[SourceVersion "1"]
[SourceVersionDate "2021.10.06"]
[SourceQuality "1"]

1. e4 c5 2. Nf3 e6 3. d4 cxd4 4. Nxd4 a6 5. c4 Nc6 6. Nc3 Qc7 7. Be3 Nf6 8. f3 d6 9. Be2 Be7 10. 0-0 0-0 11. g4 Nxd4 12. Bxd4 e5 13. Be3 h6 14. Qe1 Nh7 15. Nd5 Qd8 16. Nxe7+ Qxe7 17. h4 Be6 18. Qg3 Kh8 19. g5 h5 20. f4 Bg4 21. Bxg4 hxg4 22. f5 Rg8 23. Qxg4 g6 24. f6 Qe6 25. Qxe6 fxe6 26. Rad1 Rad8 27. Rd3 Rd7 28. Rfd1 d5 29. cxd5 exd5 30. Rxd5 Rxd5 31. Rxd5 Re8 32. Bc5 Rc8 33. Rxe5 1-0

[Event "Nuremberg LGA Cup 4th"]
[Site "Nuremberg"]
[Date "2007.09.06"]
[Round "1"]
[White "Kittler, Alexander"]
[Black "Unzicker, Ferdinand"]
[Result "0-1"]
[WhiteElo "1810"]
[BlackElo "2300"]
[PlyCount "50"]
[EventDate "2007.09.06"]
[EventType "swiss"]
[EventRounds "7"]
[EventCountry "GER"]
[SourceTitle "CBM 120 Extra"]
[Source "ChessBase"]
[SourceDate "2007.11.01"]
[SourceVersion "1"]
[SourceVersionDate "2007.11.01"]
[SourceQuality "1"]

1. e4 c5 2. Nc3 Nc6 3. d4 g6 4. f4 Bg7 5. Nf3 d6 6. h3 e5 7. g3 Nge7 8. Bg2 0-0 9. 0-0 exf4 10. gxf4 f5 11. Qe1 Qd7 12. Qh4 b6 13. Ne2 Ba6 14. Ng3 fxe4 15. Ng5 h6 16. N5xe4 Nxd4 17. Rf2 Ndf5 18. Nxf5 Nxf5 19. Qg4 Kh7 20. Kh2 Rae8 21. h4 Qf7 22. c4 Bd4 23. Rf3 Bc8 24. Bh3 Bb7 25. Bg2 Rxe4 0-1

[Event "GER-chT U20"]
[Site "Berlin"]
[Date "2005.12.30"]
[Round "7.4"]
[White "Kittler, Alexander"]
[Black "Butzke, Daniel"]
[Result "1/2-1/2"]
[WhiteElo "1496"]
[BlackElo "1999"]
[PlyCount "50"]
[EventDate "2005.12.27"]
[EventType "team-swiss"]
[EventRounds "7"]
[EventCountry "GER"]
[SourceTitle "EXT 2022"]
[Source "ChessBase"]
[SourceDate "2021.10.06"]
[SourceVersion "1"]
[SourceVersionDate "2021.10.06"]
[SourceQuality "1"]
[WhiteTeam "Puschendorf U20"]
[BlackTeam "Plauen Koenig U20"]
[WhiteTeamCountry "GER"]
[BlackTeamCountry "GER"]

1. e4 e6 2. d4 d5 3. Nd2 c5 4. exd5 exd5 5. Ngf3 Bd6 6. dxc5 Bxc5 7. Bb5+ Nc6 8. Qe2+ Nge7 9. Nb3 Bb6 10. Bf4 0-0 11. 0-0 a6 12. Bd3 Ng6 13. Bg3 Qf6 14. Bxg6 hxg6 15. c3 Bg4 16. Nbd2 Qd8 17. h3 Re8 18. Qd1 Bf5 19. Re1 Qd7 20. Nb3 Rad8 21. Qd2 Rxe1+ 22. Rxe1 Be6 23. Nbd4 Nxd4 24. Nxd4 Bxd4 25. Qxd4 Qc6 1/2-1/2

[Event "GER-chT U20"]
[Site "Berlin"]
[Date "2005.12.29"]
[Round "5.4"]
[White "Albers, Damian"]
[Black "Kittler, Alexander"]
[Result "1-0"]
[WhiteElo "1974"]
[BlackElo "1496"]
[PlyCount "43"]
[EventDate "2005.12.27"]
[EventType "team-swiss"]
[EventRounds "7"]
[EventCountry "GER"]
[SourceTitle "EXT 2022"]
[Source "ChessBase"]
[SourceDate "2021.10.06"]
[SourceVersion "1"]
[SourceVersionDate "2021.10.06"]
[SourceQuality "1"]
[WhiteTeam "Koeln Muelheim U20"]
[BlackTeam "Puschendorf U20"]
[WhiteTeamCountry "GER"]
[BlackTeamCountry "GER"]

1. e4 d5 2. exd5 Nf6 3. d4 Bg4 4. f3 Bf5 5. Bb5+ Nbd7 6. c4 e6 7. dxe6 Bxe6 8. d5 Bf5 9. Ne2 Bc5 10. Ng3 Bg6 11. Qe2+ Kf8 12. Be3 Qe7 13. Kf2 Re8 14. Re1 Bxe3+ 15. Qxe3 Ng4+ 16. fxg4 Qf6+ 17. Qf3 Qxb2+ 18. Ne2 Qxa1 19. Qa3+ Kg8 20. Nbc3 Qxe1+ 21. Kxe1 Rd8 22. Qe7 1-0

[Event "Nuremberg LGA Cup 2nd"]
[Site "Nuremberg"]
[Date "2005.09.08"]
[Round "1.53"]
[White "Kittler, Alexander"]
[Black "Schloetterer, Hermann"]
[Result "0-1"]
[WhiteElo "1506"]
[BlackElo "1801"]
[PlyCount "110"]
[EventDate "2005.09.08"]
[EventType "swiss"]
[EventRounds "7"]
[EventCountry "GER"]
[SourceTitle "EXT 2022"]
[Source "ChessBase"]
[SourceDate "2021.10.06"]
[SourceVersion "1"]
[SourceVersionDate "2021.10.06"]
[SourceQuality "1"]

1. e4 c5 2. d4 cxd4 3. c3 d3 4. Bxd3 Nc6 5. Nf3 g6 6. Bf4 Bg7 7. Nbd2 d6 8. Qe2 Nf6 9. 0-0-0 Qa5 10. Bb1 Be6 11. Nb3 Bxb3 12. axb3 Rc8 13. e5 dxe5 14. Nxe5 0-0 15. g4 Nd5 16. Nxc6 Rxc6 17. Rxd5 Qxd5 18. Be4 Qe6 19. Qf3 Ra6 20. Bxb7 Ra1+ 21. Kc2 Rxh1 22. Qxh1 Qxg4 23. Qf3 Qf5+ 24. Qe4 Rd8 25. Qxf5 gxf5 26. b4 e5 27. Be3 Bf8 28. Bc6 a6 29. Bb7 Rd6 30. c4 f4 31. Bc5 Rh6 32. Kb3 f5 33. Ka4 e4 34. Ba7 Rxh2 35. Bxa6 e3 36. fxe3 Rxb2 37. c5 fxe3 38. c6 Ra2+ 39. Kb5 e2 40. Bf2 Bd6 41. Kb6 Rc2 42. b5 Bc5+ 43. Bxc5 e1Q 44. Bd6 Qe3+ 45. Kb7 Qd4 46. Bb8 Qd5 47. Kb6 Qc5+ 48. Kb7 Qd5 49. Kb6 f4 50. c7 f3 51. c8Q+ Rxc8 52. Bxc8 f2 53. Bh3 Qd4+ 54. Kb7 Qe4+ 55. Kc8 Qc4+ 0-1

[Event "Seebach op 16th"]
[Site "Grossenseebach"]
[Date "2005.05.26"]
[Round "1"]
[White "Kittler, Alexander"]
[Black "Trapp, Sascha"]
[Result "0-1"]
[WhiteElo "1431"]
[BlackElo "1992"]
[PlyCount "78"]
[EventDate "2005.05.26"]
[EventType "swiss"]
[EventRounds "7"]
[EventCountry "GER"]
[SourceTitle "EXT 2018"]
[Source "ChessBase"]
[SourceDate "2017.10.13"]
[SourceVersion "1"]
[SourceVersionDate "2017.10.13"]
[SourceQuality "1"]

1. e4 c5 2. Nf3 d6 3. d4 cxd4 4. Nxd4 Nf6 5. Nc3 a6 6. Bd3 e5 7. Nb3 Be7 8. 0-0 0-0 9. Be3 b5 10. f3 Be6 11. Qe1 Nbd7 12. Rd1 Qc7 13. Rf2 Nb6 14. Rfd2 Nc4 15. Bxc4 bxc4 16. Nc1 Rab8 17. Na4 Bd7 18. Nc3 Rxb2 19. Bg5 Be6 20. Bxf6 Bxf6 21. Rxd6 Qa7+ 22. Kh1 Rxc2 23. Nd5 Bxd5 24. R1xd5 Bg5 25. Rd1 c3 26. Rd7 Qb6 27. R7d6 Qa7 28. Rd7 Qc5 29. R7d5 Qa3 30. Ne2 Qb2 31. Qg3 h6 32. Ng1 Bf4 33. Qg4 Rd2 34. R5xd2 cxd2 35. Ne2 Qc2 36. Nc3 Qxc3 37. Qd7 Qe3 38. g3 Qxf3+ 39. Kg1 Be3# 0-1

[Event "Nuremberg-ch op 05th"]
[Site "Nuremberg"]
[Date "2005.05.07"]
[Round "2"]
[White "Kittler, Alexander"]
[Black "Helmich, Joerg"]
[Result "0-1"]
[WhiteElo "1437"]
[BlackElo "1686"]
[PlyCount "118"]
[EventDate "2005.05.06"]
[EventType "swiss"]
[EventRounds "5"]
[EventCountry "GER"]
[SourceTitle "EXT 2007"]
[Source "ChessBase"]
[SourceDate "2006.11.23"]
[SourceVersion "1"]
[SourceVersionDate "2006.11.23"]
[SourceQuality "1"]

1. e4 e6 2. d4 d5 3. exd5 exd5 4. Bd3 Bd6 5. c3 Ne7 6. Ne2 c6 7. Qc2 h6 8. Bf4 Bg4 9. f3 Bh5 10. Bxd6 Qxd6 11. Nd2 Bg6 12. Bxg6 Nxg6 13. 0-0-0 Nd7 14. Rde1 0-0-0 15. Qa4 Kb8 16. Qb3 Rhe8 17. a4 Nf4 18. Nxf4 Qxf4 19. g3 Qf5 20. a5 Qd3 21. f4 Nf6 22. Re5 Ng4 23. Rxe8 Rxe8 24. Qc2 Qe2 25. b4 Qg2 26. Qd1 Nf2 27. Rg1 Qxh2 28. Qf1 Re1+ 29. Qxe1 Nd3+ 30. Kc2 Nxe1+ 31. Rxe1 Qxg3 32. Re8+ Kc7 33. Re7+ Kc8 34. Nb3 Qf2+ 35. Kb1 Qxf4 36. Nc5 b6 37. Re8+ Kc7 38. Re7+ Kd8 39. Rd7+ Ke8 40. Rxa7 bxc5 41. Ra8+ Kd7 42. dxc5 Qd2 43. Rb8 Qxc3 44. Ka2 d4 45. a6 Qc4+ 46. Kb2 Qxa6 47. Rb6 Qe2+ 48. Kb3 d3 49. Rb7+ Kc8 50. Ra7 Qc2+ 51. Ka3 Qc3+ 52. Ka2 Qxb4 53. Ra3 Qxa3+ 54. Kb1 Qb3+ 55. Ka1 Qc3+ 56. Kb1 d2 57. Ka2 Qb4 58. Ka1 Qa3+ 59. Kb1 d1Q# 0-1

[Event "GER-chT U20"]
[Site "Cologne"]
[Date "2004.12.29"]
[Round "5.5"]
[White "Amann, Philipp"]
[Black "Kittler, Alexander"]
[Result "1-0"]
[WhiteElo "1643"]
[BlackElo "1369"]
[PlyCount "89"]
[EventDate "2004.12.27"]
[EventType "team"]
[EventRounds "7"]
[EventCountry "GER"]
[SourceTitle "CBM 104 Extra"]
[Source "ChessBase"]
[SourceDate "2005.03.01"]
[SourceVersion "1"]
[SourceVersionDate "2005.03.01"]
[SourceQuality "1"]
[WhiteTeam "Heilbronn (U20)"]
[BlackTeam "Puschendorf U20"]
[WhiteTeamCountry "GER"]
[BlackTeamCountry "GER"]

1. Nc3 e5 2. e4 Nf6 3. f4 exf4 4. Nf3 d6 5. Bc4 Be7 6. 0-0 0-0 7. d4 Bg4 8. Bxf4 Re8 9. Qd3 Nbd7 10. e5 dxe5 11. Nxe5 Nxe5 12. Bxe5 c6 13. Ne4 Bh5 14. Ng5 Bg6 15. Qf3 h6 16. Nh3 Bxc2 17. Nf4 Kf8 18. Nh5 Be4 19. Qg3 Bg6 20. Nf4 Bf5 21. Nh5 Nxh5 22. Rxf5 Nf6 23. Raf1 a6 24. Qb3 g6 25. Rxf6 Bxf6 26. Rxf6 Rxe5 27. Rxf7+ Ke8 28. dxe5 Qd4+ 29. Kf1 Rd8 30. e6 Qe4 31. Be2 Qb1+ 32. Kf2 Rd2 33. Qxb7 Rxe2+ 34. Kxe2 Qc2+ 35. Ke3 Qc1+ 36. Ke4 Qc4+ 37. Ke5 Qd5+ 38. Kf6 Qd4+ 39. Kxg6 Qg4+ 40. Kxh6 Qh4+ 41. Kg7 Qg5+ 42. Kh8 Qh6+ 43. Rh7 Qf6+ 44. Qg7 Qxg7+ 45. Rxg7 1-0

[Event "GER-chT U20"]
[Site "Cologne"]
[Date "2004.12.29"]
[Round "6.5"]
[White "Kittler, Alexander"]
[Black "Ebert, Manuel"]
[Result "0-1"]
[WhiteElo "1369"]
[BlackElo "1908"]
[PlyCount "38"]
[EventDate "2004.12.27"]
[EventType "team"]
[EventRounds "7"]
[EventCountry "GER"]
[SourceTitle "CBM 104 Extra"]
[Source "ChessBase"]
[SourceDate "2005.03.01"]
[SourceVersion "1"]
[SourceVersionDate "2005.03.01"]
[SourceQuality "1"]
[WhiteTeam "Puschendorf U20"]
[BlackTeam "Heep (U20)"]
[WhiteTeamCountry "GER"]
[BlackTeamCountry "GER"]

1. e4 c5 2. Nf3 e6 3. d4 cxd4 4. Nxd4 Bc5 5. Nb3 Bb6 6. Bd3 Ne7 7. 0-0 0-0 8. Nc3 Nbc6 9. Bd2 f5 10. Qe2 f4 11. Rae1 Ne5 12. Kh1 f3 13. gxf3 Nxf3 14. Rd1 Ng6 15. h3 Qh4 16. Kg2 Nxd2 17. Rxd2 Nf4+ 18. Kh2 Qxh3+ 19. Kg1 Qg2# 0-1

[Event "GER-chT U20"]
[Site "Cologne"]
[Date "2004.12.28"]
[Round "3.5"]
[White "Schwarzberg, Ilja"]
[Black "Kittler, Alexander"]
[Result "1-0"]
[WhiteElo "1811"]
[BlackElo "1369"]
[PlyCount "71"]
[EventDate "2004.12.27"]
[EventType "team"]
[EventRounds "7"]
[EventCountry "GER"]
[SourceTitle "CBM 104 Extra"]
[Source "ChessBase"]
[SourceDate "2005.03.01"]
[SourceVersion "1"]
[SourceVersionDate "2005.03.01"]
[SourceQuality "1"]
[WhiteTeam "Muenchen Tarrasch U20"]
[BlackTeam "Puschendorf U20"]
[WhiteTeamCountry "GER"]
[BlackTeamCountry "GER"]

1. e4 d5 2. exd5 Nf6 3. Nc3 Nxd5 4. Bc4 Nf6 5. d4 Bf5 6. Nf3 e6 7. Bg5 Be7 8. Qe2 0-0 9. 0-0-0 Nbd7 10. Nh4 c6 11. Nxf5 exf5 12. Bd3 g6 13. h4 h5 14. f3 Re8 15. Qd2 a5 16. g4 fxg4 17. f4 b5 18. f5 Nf8 19. Qf2 N6h7 20. Bf4 Qd7 21. Ne4 a4 22. Rhf1 a3 23. b3 Red8 24. Be5 gxf5 25. Ng3 Bxh4 26. Nxf5 Bg5+ 27. Bf4 Bxf4+ 28. Qxf4 Ng6 29. Qh6 f6 30. Qxg6+ Kf8 31. Qh6+ Kg8 32. Qxh5 Ra7 33. Rde1 Rc7 34. Ne7+ Kg7 35. Qxh7+ Kf8 36. Ng6# 1-0

[Event "GER-chT U20"]
[Site "Cologne"]
[Date "2004.12.27"]
[Round "2.4"]
[White "Kittler, Alexander"]
[Black "Kakionis, Konstantios"]
[Result "1-0"]
[WhiteElo "1369"]
[BlackElo "1468"]
[PlyCount "79"]
[EventDate "2004.12.27"]
[EventType "team"]
[EventRounds "7"]
[EventCountry "GER"]
[SourceTitle "CBM 104 Extra"]
[Source "ChessBase"]
[SourceDate "2005.03.01"]
[SourceVersion "1"]
[SourceVersionDate "2005.03.01"]
[SourceQuality "1"]
[WhiteTeam "Puschendorf U20"]
[BlackTeam "Eppingen (U20)"]
[WhiteTeamCountry "GER"]
[BlackTeamCountry "GER"]

1. e4 d6 2. d4 Nf6 3. Nc3 g6 4. Bd3 Bg7 5. Nge2 0-0 6. Bg5 c6 7. Qd2 e5 8. dxe5 dxe5 9. 0-0-0 Qa5 10. Bh6 b5 11. Bxg7 Kxg7 12. a3 Ng4 13. Rdf1 Qb6 14. Nd1 c5 15. Ng3 Rd8 16. Qe1 Bb7 17. f3 c4 18. Bxc4 bxc4 19. fxg4 Nc6 20. Qf2 Qxf2 21. Rxf2 Nd4 22. Rhf1 Rd7 23. Nc3 Bc6 24. Rd1 Rb8 25. Rdd2 Rdb7 26. Nd1 c3 27. Nxc3 Rxb2 28. Nge2 Bxe4 29. Nxd4 exd4 30. Rxd4 Bc6 31. Rdf4 Be8 32. Re2 R2b7 33. Rb4 Rxb4 34. axb4 Bc6 35. Na2 Bd5 36. c3 Bc4 37. Rb2 Re8 38. Rd2 Re1+ 39. Kb2 Rb1+ 40. Kxb1 1-0

[Event "Seebach op 15th"]
[Site "Grossenseebach"]
[Date "2004.06.17"]
[Round "2"]
[White "Kittler, Alexander"]
[Black "Kirch, Florian"]
[Result "0-1"]
[WhiteElo "1210"]
[BlackElo "1765"]
[PlyCount "58"]
[EventDate "2004.06.17"]
[EventType "swiss"]
[EventRounds "7"]
[EventCountry "GER"]
[SourceTitle "EXT 2018"]
[Source "ChessBase"]
[SourceDate "2017.10.13"]
[SourceVersion "1"]
[SourceVersionDate "2017.10.13"]
[SourceQuality "1"]

1. e4 g6 2. d4 Bg7 3. Nf3 d6 4. Nc3 Nf6 5. Be3 0-0 6. Qd2 Ng4 7. 0-0-0 Nxe3 8. Qxe3 Nd7 9. Bc4 e5 10. dxe5 dxe5 11. Rhe1 c6 12. Qe2 Qe7 13. h4 Nf6 14. Nh2 Nh5 15. g4 Nf4 16. Qf3 Qxh4 17. Rh1 Qg5 18. Kb1 Be6 19. Bxe6 Nxe6 20. Rd7 Nc5 21. Rdd1 Rad8 22. Rxd8 Rxd8 23. Qh3 h6 24. Nf3 Qf4 25. Ne2 Qxe4 26. Nc3 Qf4 27. Rg1 e4 28. Nh4 Qxf2 29. Rf1 Qd2 0-1

[Event "Seebach op 15th"]
[Site "Grossenseebach"]
[Date "2004.06.17"]
[Round "3"]
[White "Stecher, Bernd"]
[Black "Kittler, Alexander"]
[Result "1/2-1/2"]
[WhiteElo "1493"]
[BlackElo "1210"]
[PlyCount "65"]
[EventDate "2004.06.17"]
[EventType "swiss"]
[EventRounds "7"]
[EventCountry "GER"]
[SourceTitle "EXT 2018"]
[Source "ChessBase"]
[SourceDate "2017.10.13"]
[SourceVersion "1"]
[SourceVersionDate "2017.10.13"]
[SourceQuality "1"]

1. d4 d5 2. Nf3 Nf6 3. e3 Bg4 4. Be2 e6 5. Ne5 Bxe2 6. Qxe2 Nbd7 7. Nd3 Bd6 8. 0-0 0-0 9. Nd2 c6 10. c4 Qe7 11. c5 Bc7 12. f4 Rac8 13. Rf3 Ne4 14. Nf2 Nxd2 15. Bxd2 f6 16. Rh3 Qf7 17. Qd3 Qg6 18. Rf1 Qxd3 19. Nxd3 e5 20. f5 exd4 21. exd4 Rfe8 22. Re1 Rxe1+ 23. Nxe1 Re8 24. Re3 Rxe3 25. Bxe3 g6 26. g4 Nb8 27. b4 a5 28. a3 axb4 29. axb4 b6 30. fxg6 hxg6 31. Kg2 bxc5 32. bxc5 Ba5 33. Nc2 1/2-1/2